| 000 | 00996nam a2200193Ia 4500 | ||
|---|---|---|---|
| 999 |
_c8737 _d8737 |
||
| 005 | 20241202182304.0 | ||
| 008 | 230725s9999 xx 000 0 und d | ||
| 040 |
_aUPAN _cBiblioteca San Vicente _eRCAA2 |
||
| 041 | _aspa | ||
| 082 |
_a371.007 _bH396i _c1969 |
||
| 100 |
_aHayman, John L. _4aut. |
||
| 245 | 0 |
_aInvestigacion y educacion/ _bJohn L. Hayman |
|
| 250 | _a1° ed. | ||
| 260 |
_aArgentina: _bPaidós, _c1969 |
||
| 300 |
_a194 p.; _c19 cm. |
||
| 505 | _aCapitulo 1. Introducción Capitulo 2. Construcción de la teoría e investigación educacional Capitulo 3. Identificación de un problema y planteamiento de un estudio Capitulo 4. Revisión de la literatura Capitulo 5. Algunos problemas generales en el diseño de una investigación Capitulo 6. Investigación histórica Capitulo 7. Métodos de observación Capitulo 8. La encuesta Capitulo 9. Anàlisis de contenido Capitulo 10. El Experimento | ||
| 650 |
_2LEMB _aInvestigación _xEducación _93 |
||
| 942 |
_cBK _2ddc |
||